| 000 | 00881nam1a2200265 i 4500 | ||
|---|---|---|---|
| 001 | RU\NLR\bibl\1200930 | ||
| 005 | 20260406121306.0 | ||
| 035 | _a(NLR Aleph) 001187434 | ||
| 090 |
_a1695911 _c1695911 |
||
| 100 | _a20080314g20079999u y0rusy50 ca | ||
| 101 | 0 | _arus | |
| 102 | _aRU | ||
| 105 | _ay ||||||||| | ||
| 200 | 1 |
_aФантом памяти _e[роман _eв 2 т.] _fАлександра Маринина |
|
| 210 |
_aМосква _cЭксмо _cФорум _d2007 |
||
| 215 | _d17 | ||
| 225 | 1 | _aА. Маринина - королева детектива | |
| 463 | 0 | _10011173089 | |
| 463 | 0 | _10011172909 | |
| 700 | 1 |
_4070 _8rus _7ca _aМаринина _bА. Б. _gАлександра Борисовна _f1957- _3RU\NLR\auth\77515 _9110564 |
|
| 801 | 0 |
_aRU _bNLR _c20080314 _gRCR |
|
| 801 | 1 |
_aRU _bNLR _c20080314 |
|
| 852 |
_aNLR _j2007-2/5855 |
||
| 942 | _cBOOK | ||